[Event "4NCL 3 South pool D"]
[Site "Reading, ENG"]
[Date "2018.05.07"]
[Round "11.51"]
[White "Peck, Silas"]
[Black "Moloney, Nicholas R"]
[Result "0-1"]
[WhiteElo "2125"]
[BlackElo "2169"]
[PlyCount "140"]
[EventDate "2018.05.07"]

1. e4 c6 2. d4 d5 3. e5 Bf5 4. Nf3 e6 5. Be2 Nd7 6. O-O Ne7 7. Nbd2 Nc8 8. Nb3
Be7 9. Bd2 O-O 10. Rc1 Ncb6 11. Na5 Rb8 12. c4 dxc4 13. Nxc4 Nxc4 14. Bxc4 Nb6
15. Be2 Be4 16. Be3 Qd5 17. Qb3 Qxb3 18. axb3 Nd5 19. Rfd1 Rfd8 20. Nd2 Bg6 21.
Bf3 Rd7 22. Ne4 Bxe4 23. Bxe4 Rbd8 24. Bf3 h6 25. Kf1 Bb4 26. Ke2 Ba5 27. Bxd5
Rxd5 28. Rc5 Bb6 29. Rxd5 Rxd5 30. Rd3 Kf8 31. f4 h5 32. Bf2 f6 33. h3 Kf7 34.
g4 hxg4 35. hxg4 fxe5 36. fxe5 Kg6 37. Be3 Bd8 38. Kf3 Bg5 39. Ke4 a6 40. Rc3
Rd7 41. Bf2 Rf7 42. Bg3 Rf1 43. Rc2 Rg1 44. Kf3 Rb1 45. Re2 Rd1 46. Ke4 Rh1 47.
Kf3 Rf1+ 48. Ke4 Bh6 49. Re1 Rxe1+ 50. Bxe1 Bc1 51. Bc3 Kg5 52. Kf3 Kh4 53. b4
b5 54. b3 Kh3 55. Ba1 Bd2 56. Bb2 Bxb4 57. Bc1 Bc3 58. Be3 a5 59. Kf4 a4 60.
bxa4 bxa4 61. Bc1 Bxd4 62. g5 g6 63. Ke4 Bc5 64. Kd3 Kg4 65. Kc4 Be7 66. Bb2
Kxg5 67. Kd4 Kf4 68. Bc3 g5 69. Kd3 Kf3 70. Kd2 g4 0-1

[Event "4NCL 3 South pool D"]
[Site "Reading, ENG"]
[Date "2018.05.07"]
[Round "11.52"]
[White "Okhai, Shabir"]
[Black "Myall, Ivan J"]
[Result "1-0"]
[WhiteElo "2090"]
[BlackElo "2042"]
[PlyCount "179"]
[EventDate "2018.05.07"]

1. e4 e5 2. Nf3 Nc6 3. Bc4 Bc5 4. c3 Nf6 5. d3 a6 6. Bb3 d6 7. h3 Be6 8. Nbd2
h6 9. Qe2 Ba7 10. Nf1 Ne7 11. Bxe6 fxe6 12. d4 Ng6 13. dxe5 dxe5 14. Bd2 Qd7
15. Ng3 Qb5 16. Qxb5+ axb5 17. O-O Ke7 18. Rfe1 Bc5 19. Be3 Bd6 20. Nd2 Ra4 21.
a3 h5 22. f3 Nf4 23. Nb3 Nd3 24. Re2 c5 25. Rd1 c4 26. Nc1 Nxc1 27. Rxc1 Ra6
28. Rd2 b6 29. Rcd1 Bc5 30. Nf1 Ra7 31. Kf2 h4 32. Bxc5+ bxc5 33. Ne3 Rf8 34.
Kg1 Rd7 35. Rxd7+ Nxd7 36. a4 bxa4 37. Nxc4 Rb8 38. Ra1 Nb6 39. Nxe5 Kf6 40.
Ng4+ Kg5 41. Ne3 Kf4 42. Kf2 Nd7 43. Nc4 Ne5 44. Nxe5 Rxb2+ 45. Kg1 Kxe5 46.
Rxa4 Rc2 47. Rc4 Kd6 48. e5+ Kd5 49. Rxh4 Rxc3 50. Rg4 Kxe5 51. Rxg7 Rc2 52. h4
Kf6 53. Rg4 Rd2 54. Rc4 Rd5 55. Kf2 Rh5 56. Ke3 Ke7 57. g3 Kd6 58. Rg4 Rh8 59.
Kd3 Rf8 60. f4 Ra8 61. h5 Ra3+ 62. Kc4 Ra4+ 63. Kc3 Ra3+ 64. Kb2 Ra8 65. Rg5
Rh8 66. Kc3 Ra8 67. h6 Rh8 68. Rh5 Ke7 69. h7 Kf6 70. Kc4 Kg6 71. g4 Kg7 72.
Kxc5 Rc8+ 73. Kd4 Kh8 74. g5 Rc7 75. Ke5 Rc6 76. Rh1 Ra6 77. g6 Ra7 78. Rb1 Ra8
79. Rb6 Kg7 80. Rxe6 Ra5+ 81. Ke4 Ra4+ 82. Kf3 Ra8 83. Kg4 Kh6 84. Kf5 Rf8+ 85.
Ke5 Ra8 86. f5 Ra5+ 87. Kd6 Ra8 88. Re7 Rb8 89. Kd7 Rb7+ 90. Kc8 1-0

[Event "4NCL 3 South pool D"]
[Site "Reading, ENG"]
[Date "2018.05.07"]
[Round "11.53"]
[White "Wallis, Ian J"]
[Black "Agnew, Alan"]
[Result "0-1"]
[WhiteElo "2057"]
[BlackElo "2077"]
[PlyCount "42"]
[EventDate "2018.05.07"]

1. e4 c6 2. d4 d5 3. f3 e6 4. Nc3 Bb4 5. Bf4 Nf6 6. Qd3 b6 7. Nge2 Ba6 8. Qe3
O-O 9. O-O-O c5 10. a3 Bxc3 11. Nxc3 Bxf1 12. Rhxf1 Nc6 13. Ne2 Rc8 14. c3 cxd4
15. Nxd4 e5 16. Bxe5 Nxe5 17. exd5 Nc4 18. Qg5 Nxd5 19. Qg3 Nce3 20. Rfe1 Nxd1
21. Rxd1 Qf6 0-1

[Event "4NCL 3 South pool D"]
[Site "Reading, ENG"]
[Date "2018.05.07"]
[Round "11.54"]
[White "Millward, Kevin P"]
[Black "Lunn, Timothy"]
[Result "1/2-1/2"]
[WhiteElo "2021"]
[BlackElo "2035"]
[PlyCount "118"]
[EventDate "2018.05.07"]

1. d4 Nf6 2. Bf4 g6 3. e3 Bg7 4. Nf3 c5 5. c3 b6 6. Nbd2 Bb7 7. h3 O-O 8. Be2
d5 9. O-O Nc6 10. Ne5 Nd7 11. Ndf3 f6 12. Nxc6 Bxc6 13. c4 e6 14. Rc1 Re8 15.
Bd6 Bf8 16. Bg3 Bg7 17. Qb3 Qe7 18. Rfd1 Kh8 19. a3 cxd4 20. Nxd4 Bb7 21. Nb5
dxc4 22. Bxc4 Nc5 23. Qb4 a5 24. Qe1 e5 25. Nd6 Rf8 26. e4 Ba6 27. b4 axb4 28.
axb4 Bxc4 29. bxc5 Bb3 30. Rd3 bxc5 31. Rxc5 Be6 32. Rc2 Rfd8 33. Rcd2 Bh6 34.
Rd1 Rd7 35. Qc3 Rad8 36. Nb5 Rxd3 37. Rxd3 Rc8 38. Qa5 Bc4 39. Rd1 Bf8 40. Nd6
Qc7 41. Qxc7 Rxc7 42. Ne8 Rf7 43. Nxf6 Rxf6 44. Bxe5 Bg7 45. Bxf6 Bxf6 46. f4
Kg8 47. Kf2 Be6 48. Kf3 Kf7 49. Rc1 Bd8 50. Rb1 Be7 51. Rb5 Bd7 52. Ra5 h5 53.
g4 hxg4+ 54. hxg4 Bc8 55. g5 Bd7 56. Ra7 Be6 57. Ra5 Bd7 58. Kg3 Bc6 59. Kf3
Bd7 1/2-1/2

[Event "4NCL 3 South pool D"]
[Site "Reading, ENG"]
[Date "2018.05.07"]
[Round "11.55"]
[White "Sheerin, Alex"]
[Black "Niccoli, Tony"]
[Result "0-1"]
[WhiteElo "1930"]
[BlackElo "2018"]
[PlyCount "114"]
[EventDate "2018.05.07"]

1. d4 d5 2. Bf4 Nf6 3. e3 c5 4. c3 Nc6 5. Nd2 e6 6. Ngf3 cxd4 7. exd4 Nh5 8.
Be3 Bd6 9. Ne5 g6 10. Be2 Ng7 11. f4 f6 12. Nd3 Qc7 13. Nf3 b6 14. O-O O-O 15.
Rc1 Nf5 16. Bd2 Ba6 17. Nb4 Bb7 18. Nxc6 Bxc6 19. c4 Qd7 20. b4 dxc4 21. Bxc4
Ne7 22. Qb3 Bd5 23. Bxd5 Nxd5 24. f5 gxf5 25. Nh4 Rf7 26. Kh1 f4 27. Nf5 Bf8
28. Nh4 Bh6 29. Rce1 Re8 30. g3 Ne3 31. Rf3 Qxd4 32. gxf4 Qxd2 33. Rfxe3 Bxf4
34. R3e2 Qd7 35. Rxe6 Rxe6 36. Qxe6 Qxe6 37. Rxe6 Kg7 38. Re4 Be5 39. Nf3 Re7
40. Nd4 Kg6 41. Rg4+ Kh5 42. Re4 Bd6 43. Rxe7 Bxe7 44. Nc6 Bd6 45. b5 Kg4 46.
Kg2 Kf4 47. Nxa7 Ke3 48. Nc6 Ba3 49. Na7 Ke2 50. Nc8 f5 51. Kg3 Bc1 52. Nxb6
f4+ 53. Kg4 f3 54. Nd5 f2 55. Nc3+ Kd3 56. b6 f1=Q 57. b7 Qf4+ 0-1

[Event "4NCL 3 South pool D"]
[Site "Reading, ENG"]
[Date "2018.05.07"]
[Round "11.56"]
[White "Dydak, Mateusz"]
[Black "Hall, Antony C"]
[Result "1-0"]
[WhiteElo "1879"]
[BlackElo "1930"]
[PlyCount "157"]
[EventDate "2018.05.07"]

1. e4 d6 2. d4 Nf6 3. Nc3 g6 4. Be3 c6 5. Qd2 Nbd7 6. O-O-O Qc7 7. f3 a6 8. Kb1
b5 9. Nce2 Nb6 10. Nc1 Nc4 11. Bxc4 bxc4 12. Nge2 Rb8 13. Qc3 Qb7 14. g4 Bxg4
15. fxg4 Nxe4 16. Qa3 d5 17. b3 e6 18. Qb2 Qb6 19. Nc3 Nxc3+ 20. Qxc3 a5 21.
Bf4 Rb7 22. Be5 Bb4 23. Qf3 Rg8 24. h4 a4 25. Rh3 Qa6 26. Rf1 axb3 27. cxb3 Bd2
28. Qe2 Qa5 29. Rhf3 c3 30. Qd3 f5 31. Bd6 Kd7 32. Bc5 Ra8 33. Qc2 Qa6 34. Nd3
Rb5 35. gxf5 exf5 36. Bb4 Kc7 37. R1f2 Re8 38. Bxc3 Bxc3 39. Qxc3 Qc8 40. Ne5
Re6 41. Rc2 Qe8 42. a4 Rb6 43. Qc5 Kb7 44. Rfc3 h6 45. a5 Rb5 46. a6+ Ka8 47.
Qxb5 cxb5 48. Rc8+ Ka7 49. Rxe8 Rxe8 50. Rc6 g5 51. Rxh6 gxh4 52. Rxh4 Kxa6 53.
Rh6+ Ka5 54. Rf6 Rh8 55. Rxf5 Kb4 56. Rf3 Rh1+ 57. Kc2 Rh2+ 58. Kd1 Rh1+ 59.
Ke2 Rh2+ 60. Kf1 Rh1+ 61. Kg2 Rh6 62. Kg3 Ka3 63. Kg4 b4 64. Nd7 Rh1 65. Nc5
Rh8 66. Rf5 Kb2 67. Rxd5 Kc3 68. Rd7 Rh1 69. Kf5 Re1 70. Rd6 Rh1 71. Ke5 Rh5+
72. Ke6 Rh7 73. Kd5 Rh8 74. Kc6 Rh7 75. Kb5 Rh5 76. Rd8 Rf5 77. d5 Rh5 78. d6
Kd4 79. Rc8 1-0

[Event "4NCL 3 South pool D"]
[Site "Reading, ENG"]
[Date "2018.05.07"]
[Round "11.61"]
[White "Britton, Richard L"]
[Black "Byron, Alan M"]
[Result "1/2-1/2"]
[WhiteElo "2240"]
[BlackElo "2130"]
[PlyCount "60"]
[EventDate "2018.05.07"]

1. e4 c6 2. d4 d5 3. Nc3 dxe4 4. Nxe4 Bf5 5. Ng3 Bg6 6. h4 h6 7. Nf3 Nd7 8. h5
Bh7 9. Bd3 Bxd3 10. Qxd3 e6 11. Bd2 Ngf6 12. O-O-O Qc7 13. Kb1 Be7 14. Ne4
O-O-O 15. Nxf6 Bxf6 16. Qe4 Rhe8 17. Bf4 Qa5 18. Bg3 Qf5 19. Qxf5 exf5 20. c3
Re4 21. Bh4 Re2 22. Rhf1 Rde8 23. Kc1 Bd8 24. Bxd8 Rxd8 25. Nh4 Nf6 26. Nxf5
Nxh5 27. Rde1 Rxe1+ 28. Rxe1 Nf4 29. Kc2 Ne6 30. g3 Kc7 1/2-1/2

[Event "4NCL 3 South pool D"]
[Site "Reading, ENG"]
[Date "2018.05.07"]
[Round "11.62"]
[White "Jones, Christopher M"]
[Black "Mackle, Dominic"]
[Result "1/2-1/2"]
[WhiteElo "2123"]
[BlackElo "2164"]
[PlyCount "43"]
[EventDate "2018.05.07"]

1. e4 e6 2. c4 b6 3. Nc3 Bb7 4. d4 Bb4 5. Bd3 f5 6. Qe2 Nf6 7. Bg5 fxe4 8. Bxe4
Bxe4 9. Bxf6 Qxf6 10. Qxe4 Nc6 11. Nf3 Bxc3+ 12. bxc3 O-O 13. O-O Qf4 14. Rfe1
Qxe4 15. Rxe4 Rf5 16. Rd1 Raf8 17. d5 Nd8 18. c5 Rxd5 19. Rxd5 exd5 20. Re7 Rf7
21. Re8+ Rf8 22. Re7 1/2-1/2

[Event "4NCL 3 South pool D"]
[Site "Reading, ENG"]
[Date "2018.05.07"]
[Round "11.63"]
[White "Walker, Nicholas P"]
[Black "Compton, Alistair"]
[Result "1/2-1/2"]
[WhiteElo "2130"]
[BlackElo "2049"]
[PlyCount "59"]
[EventDate "2018.05.07"]

1. d4 d5 2. Nf3 e6 3. Bf4 c5 4. e3 Nc6 5. Bb5 Qb6 6. Nc3 Bd7 7. O-O Nf6 8. a4
cxd4 9. exd4 Bb4 10. Ne2 Ne4 11. Ng3 Be7 12. Nxe4 dxe4 13. Ng5 a6 14. Bxc6 Bxc6
15. b3 Rd8 16. Qh5 g6 17. Qe2 Qxd4 18. Rad1 Qf6 19. Bc1 Qf5 20. g4 Qe5 21. f4
Qc5+ 22. Be3 Qb4 23. Qf2 h6 24. Rxd8+ Bxd8 25. Bc5 Qa5 26. Qd4 Rg8 27. b4 Qc7
28. Nxe4 Bxe4 29. Qxe4 Be7 30. Bxe7 1/2-1/2

[Event "4NCL 3 South pool D"]
[Site "Reading, ENG"]
[Date "2018.05.07"]
[Round "11.64"]
[White "Piper, Stephen J"]
[Black "Chin, Francis"]
[Result "1/2-1/2"]
[WhiteElo "2062"]
[BlackElo "2042"]
[PlyCount "133"]
[EventDate "2018.05.07"]

1. g3 d5 2. Bg2 c6 3. Nf3 Nf6 4. O-O Bf5 5. d3 Nbd7 6. Re1 e5 7. Nc3 Bb4 8. a3
Ba5 9. b4 Bb6 10. e4 dxe4 11. dxe4 Be6 12. Be3 Qe7 13. Qe2 O-O 14. h3 Rfd8 15.
Red1 Ne8 16. Na4 f6 17. Nd2 Bxe3 18. Qxe3 b5 19. Nb2 c5 20. c3 c4 21. a4 a6 22.
Nb1 Nf8 23. Na3 Bd7 24. Rd2 Bc6 25. Rad1 Ne6 26. Qb6 Rdc8 27. h4 Qc7 28. Qxc7
Rxc7 29. Bh3 Kf7 30. f3 Ke7 31. Kf2 Rd8 32. Rxd8 Nxd8 33. a5 Nd6 34. Ke3 g6 35.
g4 Ne6 36. Nc2 Rc8 37. Ne1 Rf8 38. Rd2 f5 39. gxf5 gxf5 40. exf5 Nxf5+ 41. Bxf5
Rxf5 42. Rg2 Kf7 43. Nd1 Nf4 44. Rg3 Rh5 45. Rg4 Bd7 46. Rg5 Rxg5 47. hxg5 Bf5
48. Nf2 Kg6 49. Ne4 Ne6 50. Ng2 Bh3 51. Kf2 Nxg5 52. Nc5 Bc8 53. Ne3 Nh3+ 54.
Kg3 Nf4 55. Kh4 h5 56. Ne4 Bb7 57. Nc5 Bxf3 58. Nxa6 Ne2 59. Nc7 Nxc3 60. a6
Bc6 61. a7 e4 62. a8=Q Bxa8 63. Nxa8 Kf6 64. Nb6 Ke5 65. Nexc4+ bxc4 66. Nxc4+
Kd4 67. Nd2 1/2-1/2

[Event "4NCL 3 South pool D"]
[Site "Reading, ENG"]
[Date "2018.05.07"]
[Round "11.65"]
[White "Clancy, Martin J"]
[Black "Jaszkiwskyj, Peter"]
[Result "0-1"]
[WhiteElo "1820"]
[BlackElo "1928"]
[PlyCount "92"]
[EventDate "2018.05.07"]

1. e4 e6 2. d4 d5 3. Nd2 Nf6 4. e5 Nfd7 5. Bd3 c5 6. c3 Nc6 7. Ngf3 cxd4 8.
cxd4 f6 9. exf6 Nxf6 10. O-O Bd6 11. Re1 O-O 12. b3 Bd7 13. a3 Qb6 14. Bb2 Rae8
15. Rc1 Re7 16. b4 Nd8 17. Nb3 Ba4 18. Bc2 Bf4 19. Nbd2 Bxc2 20. Rxc2 a5 21.
bxa5 Qxa5 22. Rc5 Qa6 23. Qb3 Ref7 24. Nf1 Ne4 25. Rc2 Nc6 26. Ng3 Na5 27. Qa4
b5 28. Qb4 Bd6 29. Rc5 Bxc5 30. dxc5 Nxg3 31. hxg3 Nc4 32. Bd4 Re8 33. Ng5 Rf5
34. f4 h6 35. Nf3 Rf7 36. Qb1 Ra8 37. Nh4 Nd2 38. Qg6 Ne4 39. Rc1 Qxa3 40. Ra1
Qxa1+ 41. Bxa1 Rxa1+ 42. Kh2 Nf2 43. g4 Rh1+ 44. Kg3 Ne4+ 45. Kf3 Rxh4 46. Qxe6
Ng5+ 0-1

[Event "4NCL 3 South pool D"]
[Site "Reading, ENG"]
[Date "2018.05.07"]
[Round "11.66"]
[White "Gibson, Christopher A"]
[Black "Khalilov, Rauf"]
[Result "0-1"]
[WhiteElo "1912"]
[BlackElo "1840"]
[PlyCount "82"]
[EventDate "2018.05.07"]

1. e4 c5 2. c3 Nc6 3. d4 cxd4 4. cxd4 d6 5. Nc3 Nf6 6. h3 a6 7. Nf3 g6 8. Be3
Bg7 9. Rc1 O-O 10. Qd2 b5 11. Bd3 Bb7 12. O-O Nd7 13. Ne2 Re8 14. Ng5 h6 15.
Nf3 Kh7 16. Ng3 Rc8 17. h4 e5 18. d5 Nd4 19. Nxd4 exd4 20. Bf4 Ne5 21. Bxe5
dxe5 22. h5 Qd6 23. Rxc8 Rxc8 24. f4 exf4 25. Qxf4 Qxf4 26. Rxf4 Rc7 27. hxg6+
fxg6 28. Ne2 Be5 29. Rf8 Re7 30. g3 Kg7 31. Rf1 g5 32. Rf5 Bc8 33. Rxe5 Rxe5
34. Nxd4 Kf6 35. Nc6 Re8 36. e5+ Kf7 37. e6+ Kf6 38. Kf2 Bb7 39. Be4 Bxc6 40.
dxc6 Kxe6 41. c7 Rc8 0-1

[Event "4NCL 3 South pool D"]
[Site "Reading, ENG"]
[Date "2018.05.07"]
[Round "11.71"]
[White "Hall, John"]
[Black "Howell, Chris I"]
[Result "1-0"]
[WhiteElo "2252"]
[BlackElo "2012"]
[PlyCount "51"]
[EventDate "2018.05.07"]

1. e4 e6 2. d4 d5 3. Nc3 Bb4 4. e5 Ne7 5. a3 Bxc3+ 6. bxc3 c5 7. a4 Qa5 8. Bd2
c4 9. Ne2 Bd7 10. Ng3 g6 11. Qf3 Nbc6 12. Ne2 h5 13. h3 h4 14. g4 hxg3 15. fxg3
Rh7 16. g4 O-O-O 17. Bg5 Rg8 18. Bg2 b5 19. O-O Qb6 20. axb5 Nxe5 21. Qg3 Nf5
22. Qxe5 Nh4 23. Bf4 Nxg2 24. Kxg2 Rgh8 25. Ra6 Qb7 26. b6 1-0

[Event "4NCL 3 South pool D"]
[Site "Reading, ENG"]
[Date "2018.05.07"]
[Round "11.72"]
[White "Salmons, Calum"]
[Black "Pickard, Charles"]
[Result "1/2-1/2"]
[WhiteElo "2035"]
[BlackElo "2177"]
[PlyCount "52"]
[EventDate "2018.05.07"]

1. e4 c6 2. Nc3 d5 3. Nf3 dxe4 4. Nxe4 Nf6 5. Nxf6+ exf6 6. Bc4 Bd6 7. Qe2+ Qe7
8. Qxe7+ Kxe7 9. O-O Be6 10. Re1 Kd7 11. Bb3 Na6 12. Nd4 Bxb3 13. axb3 Nb4 14.
c3 Rhe8 15. Rf1 Bc5 16. Nf5 Nd3 17. b4 Bb6 18. Ne3 Re4 19. b3 Rae8 20. g3 a6
21. Ba3 g6 22. Kg2 Ba7 23. c4 f5 24. f3 R4e6 25. c5 Bb8 26. f4 h5 1/2-1/2

[Event "4NCL 3 South pool D"]
[Site "Reading, ENG"]
[Date "2018.05.07"]
[Round "11.73"]
[White "Mossong, Hubert"]
[Black "Rogacewicz, Mikolaj"]
[Result "1/2-1/2"]
[WhiteElo "2095"]
[BlackElo "1993"]
[PlyCount "58"]
[EventDate "2018.05.07"]

1. e4 e6 2. d3 d5 3. Nd2 c5 4. Ngf3 Nc6 5. g3 Bd6 6. Bg2 Nge7 7. O-O O-O 8. Re1
Qc7 9. Qe2 f6 10. Nf1 Bd7 11. h4 Rac8 12. c3 b5 13. N3d2 b4 14. c4 Nd4 15. Qd1
f5 16. exd5 exd5 17. f4 Bc6 18. Nf3 Nxf3+ 19. Bxf3 d4 20. Nh2 Rce8 21. Bd2 Kh8
22. Qe2 Ng8 23. Qg2 Bxf3 24. Nxf3 Nf6 25. Ng5 Qd7 26. Rxe8 Rxe8 27. Re1 Rxe1+
28. Bxe1 Qe8 29. Bd2 h6 1/2-1/2

[Event "4NCL 3 South pool D"]
[Site "Reading, ENG"]
[Date "2018.05.07"]
[Round "11.74"]
[White "Batchelor, Paul A"]
[Black "Wojciechowski, Paul"]
[Result "1/2-1/2"]
[WhiteElo "1922"]
[BlackElo "1967"]
[PlyCount "42"]
[EventDate "2018.05.07"]

1. d4 g6 2. c4 Nf6 3. f3 d5 4. cxd5 Nxd5 5. e4 Nb6 6. Nc3 Bg7 7. Be3 c6 8. Qd2
e5 9. O-O-O exd4 10. Bxd4 Bxd4 11. Qxd4 Qxd4 12. Rxd4 N8d7 13. b3 Nf6 14. Nge2
Be6 15. Nf4 Ke7 16. Nxe6 fxe6 17. Be2 e5 18. Rd2 Rad8 19. Rhd1 Rxd2 20. Rxd2
Rd8 21. Rxd8 Kxd8 1/2-1/2

[Event "4NCL 3 South pool D"]
[Site "Reading, ENG"]
[Date "2018.05.07"]
[Round "11.75"]
[White "Taylor, Mark V"]
[Black "Graham, Cassie M"]
[Result "1-0"]
[WhiteElo "1945"]
[BlackElo "1997"]
[PlyCount "115"]
[EventDate "2018.05.07"]

1. d4 Nf6 2. c4 g6 3. Nc3 Bg7 4. e4 d6 5. Nf3 O-O 6. h3 e5 7. d5 a5 8. Bg5 Na6
9. Be2 Nc5 10. Nd2 Bd7 11. O-O Qc8 12. Kh2 h6 13. Be3 b6 14. b3 Nh7 15. a3 f5
16. f3 f4 17. Bf2 g5 18. b4 Na6 19. Rb1 axb4 20. axb4 h5 21. c5 bxc5 22. bxc5
Nxc5 23. Bxc5 dxc5 24. Nc4 g4 25. fxg4 hxg4 26. Bxg4 Bxg4 27. Qxg4 Qxg4 28.
hxg4 Nf6 29. g5 Nh7 30. g6 Ng5 31. Rb7 Ra6 32. Rxc7 Rxg6 33. Rc6 Rxc6 34. dxc6
Rc8 35. Nd5 Kf8 36. c7 Ne6 37. Ncb6 Rxc7 38. Nxc7 Nxc7 39. Rc1 Ne6 40. Nd7+ Kf7
41. Nxc5 Ng5 42. Rc4 Bf8 43. Nb3 Kg6 44. Nd2 Kh5 45. Nf3 Nf7 46. Kh3 Ng5+ 47.
Nxg5 Kxg5 48. Rc7 Bb4 49. Rf7 Bc3 50. Rf5+ Kg6 51. Kg4 Bd4 52. Rf8 Be3 53. Ra8
Kf6 54. Ra6+ Kf7 55. Kf5 Bd4 56. Rc6 Kg7 57. Re6 Bc3 58. Rxe5 1-0

[Event "4NCL 3 South pool D"]
[Site "Reading, ENG"]
[Date "2018.05.07"]
[Round "11.76"]
[White "Graham, William M"]
[Black "Hickman, John E"]
[Result "0-1"]
[WhiteElo "1909"]
[BlackElo "1922"]
[PlyCount "28"]
[EventDate "2018.05.07"]

1. e4 e6 2. g3 d5 3. exd5 exd5 4. Bg2 c5 5. d4 Nf6 6. Nc3 Nc6 7. dxc5 d4 8. Nb5
Qa5+ 9. Nc3 dxc3 10. bxc3 Qxc3+ 11. Bd2 Qxc5 12. Rc1 Qb6 13. Be3 Qa5+ 14. Bd2
Qa6 0-1

[Event "4NCL 3 South pool D"]
[Site "Reading, ENG"]
[Date "2018.05.07"]
[Round "11.81"]
[White "Adams, Mark"]
[Black "Davies, Matthew"]
[Result "1/2-1/2"]
[WhiteElo "1964"]
[BlackElo "2006"]
[PlyCount "31"]
[EventDate "2018.05.07"]

1. e4 e6 2. d4 d5 3. Nc3 Nf6 4. exd5 exd5 5. Bd3 Be7 6. Nf3 Bg4 7. h3 Bh5 8.
Bf4 c6 9. O-O Nbd7 10. Re1 O-O 11. g4 Bg6 12. a3 Re8 13. Ne5 Nf8 14. Nxg6 Nxg6
15. Bg3 Bd6 16. Rxe8+ 1/2-1/2

[Event "4NCL 3 South pool D"]
[Site "Reading, ENG"]
[Date "2018.05.07"]
[Round "11.82"]
[White "Gregory, Andrew M"]
[Black "Fletcher, John"]
[Result "0-1"]
[WhiteElo "1973"]
[BlackElo "1928"]
[PlyCount "86"]
[EventDate "2018.05.07"]

1. d4 d5 2. Nf3 Nf6 3. e3 e6 4. Be2 c5 5. O-O Nc6 6. c3 Bd6 7. Nbd2 O-O 8. dxc5
Bxc5 9. b4 Bd6 10. b5 Ne5 11. Bb2 a6 12. a4 Nfg4 13. Nxe5 Nxe5 14. f4 Ng6 15.
Nb3 e5 16. fxe5 Nxe5 17. Qd4 Qg5 18. h4 Qg3 19. Qf4 Nc4 20. Qxg3 Bxg3 21. Bxc4
dxc4 22. Na5 Rd8 23. Nxc4 Bg4 24. Nb6 Rab8 25. c4 Rd2 26. Bd4 Bxh4 27. c5 axb5
28. axb5 Be2 29. Rfb1 Bd3 30. Rb3 Be4 31. Rba3 Rxg2+ 32. Kf1 h6 33. R1a2 Rxa2
34. Rxa2 Bd3+ 35. Kg2 Bxb5 36. Rd2 Bc6+ 37. Kh3 Bg5 38. Nc4 Rd8 39. Nd6 b6 40.
Rf2 f6 41. Nf5 Bd7 42. c6 Bxf5+ 43. Rxf5 Rc8 0-1

[Event "4NCL 3 South pool D"]
[Site "Reading, ENG"]
[Date "2018.05.07"]
[Round "11.83"]
[White "Davies, Peter"]
[Black "Parry, Matthew"]
[Result "1/2-1/2"]
[WhiteElo "1989"]
[BlackElo "1887"]
[PlyCount "71"]
[EventDate "2018.05.07"]

1. c4 Nf6 2. Nc3 Nc6 3. g3 e6 4. Bg2 d5 5. cxd5 Nxd5 6. e3 Be7 7. d4 O-O 8. Nf3
Bf6 9. O-O Nxc3 10. bxc3 e5 11. Rb1 Rb8 12. Nd2 Be6 13. Qa4 a6 14. Nb3 b5 15.
Qxa6 Rb6 16. Qa3 Bc4 17. Rd1 b4 18. cxb4 exd4 19. Bd2 Ra6 20. Na5 Nxa5 21. bxa5
21... Be2 $11 22. Rdc1 Be7 23. Qb3 c5 24. exd4 cxd4 25. Qb7 Rd6 26. Rc7 Bg5 27.
f4 Ba6 28. Qa7 Bf6 29. Rb6 d3 30. Rxd6 Qxd6 31. Rd7 Qe6 32. Bf3 Bb5 33. Rc7
Qxa2 34. Qf2 Bd8 35. Rc8 Be7 36. Rxf8+ 1/2-1/2

[Event "4NCL 3 South pool D"]
[Site "Reading, ENG"]
[Date "2018.05.07"]
[Round "11.84"]
[White "Jukes, Sam"]
[Black "Hughes, Anthony"]
[Result "1-0"]
[WhiteElo "1899"]
[BlackElo "1963"]
[PlyCount "111"]
[EventDate "2018.05.07"]

1. e4 c6 2. d4 d5 3. exd5 cxd5 4. c4 Nf6 5. Nc3 Nc6 6. Bg5 Be6 7. Bxf6 gxf6 8.
Nf3 Qd7 9. cxd5 Bxd5 10. Nxd5 Qxd5 11. Qb3 Qxb3 12. axb3 e6 13. Bb5 Bb4+ 14.
Ke2 Kd7 15. Ra4 a5 16. Nd2 Bxd2 17. Kxd2 Kd6 18. Bxc6 Kxc6 19. Rc1+ Kd7 20. b4
b6 21. bxa5 Rxa5 22. Rxa5 bxa5 23. Rc5 Rg8 24. g3 Rg5 25. Kc3 Rxc5+ 26. dxc5
Kc6 27. b4 axb4+ 28. Kxb4 f5 29. Kc4 h5 30. h4 f6 31. Kb4 e5 32. Kc4 f4 33.
gxf4 exf4 34. Kd4 f3 35. Kc4 Kc7 36. Kd5 Kd7 37. c6+ Kc7 38. Kc5 Kc8 39. Kd6
Kd8 40. Ke6 Kc7 41. Kxf6 Kxc6 42. Kg5 Kd5 43. Kxh5 Ke4 44. Kg4 Ke5 45. Kxf3 Kf5
46. Kg3 Kg6 47. Kg4 Kf6 48. f4 Kg6 49. f5+ Kf6 50. Kf4 Kf7 51. Kg5 Kg7 52. f6+
Kf7 53. Kf5 Kf8 54. Kg6 Kg8 55. f7+ Kf8 56. h5 1-0

[Event "4NCL 3 South pool D"]
[Site "Reading, ENG"]
[Date "2018.05.07"]
[Round "11.85"]
[White "Perrett, David C"]
[Black "Smith, Steve"]
[Result "1/2-1/2"]
[WhiteElo "1934"]
[BlackElo "1821"]
[PlyCount "126"]
[EventDate "2018.05.07"]

1. d4 d5 2. Bg5 h6 3. Bf4 Nf6 4. e3 Bf5 5. c4 c6 6. Nc3 e6 7. Bd3 Bxd3 8. Qxd3
Bd6 9. Be5 O-O 10. Nf3 Qe7 11. O-O dxc4 12. Qxc4 Nbd7 13. Bxd6 Qxd6 14. Rad1
Rac8 15. e4 Qc7 16. Rfe1 Rfd8 17. Rc1 Qf4 18. Qe2 Nb6 19. g3 Qg4 20. Nd1 Qh5
21. Rc5 Qg6 22. Ne5 Qh7 23. Qe3 Nbd7 24. Nxd7 Rxd7 25. f3 Rcd8 26. Rc4 Ne8 27.
Nf2 Qg6 28. Rd1 Nd6 29. Rc3 Nb5 30. Rcd3 f6 31. a4 Nc7 32. Qc1 Qf7 33. Qc5 a6
34. Qc3 Qe7 35. Ng4 h5 36. Ne3 Ne8 37. Nc4 c5 38. d5 exd5 39. exd5 Nd6 40. Nb6
Rc7 41. Re3 Qf8 42. Qc2 Nc8 43. Nxc8 Rcxc8 44. Qf5 Re8 45. Re6 Rcd8 46. Rde1
Qf7 47. Kg2 Rxe6 48. Rxe6 48... Re8 $11 49. Rxe8+ Qxe8 50. d6 g5 51. Qd3 Qd8
52. Qd5+ Kf8 53. Qxc5 Ke8 54. Qd5 Kd7 55. Qxb7+ Kxd6 56. Qxa6+ Ke7 57. Qe2+ Kf7
58. Qc2 Kg7 59. b4 g4 60. fxg4 hxg4 61. Qe2 Qd5+ 62. Kf2 Qf5+ 63. Kg2 Qd5+
1/2-1/2

[Event "4NCL 3 South pool D"]
[Site "Reading, ENG"]
[Date "2018.05.07"]
[Round "11.86"]
[White "Di-Vetta, Andrew"]
[Black "Dixon, Chris"]
[Result "1/2-1/2"]
[WhiteElo "1806"]
[BlackElo "1808"]
[PlyCount "126"]
[EventDate "2018.05.07"]

1. e4 e5 2. Nf3 Nf6 3. Nxe5 d6 4. Nf3 Nxe4 5. Nc3 Nf6 6. d4 d5 7. Bg5 Be7 8.
Bd3 O-O 9. O-O Nc6 10. Re1 Bg4 11. Be2 h6 12. Bh4 Ne4 13. Bxe7 Nxe7 14. Nxe4
dxe4 15. Ne5 Bxe2 16. Rxe2 f6 17. Nc4 Qd5 18. Ne3 Qf7 19. c3 f5 20. Qb3 Qxb3
21. axb3 b6 22. Nc4 Ng6 23. g3 a5 24. Rae1 Rad8 25. Re3 Ne7 26. Ne5 g5 27. h4
g4 28. Kg2 h5 29. Ra1 Kg7 30. Ra4 Rf6 31. Re1 Nd5 32. Rc4 Rdd6 33. b4 axb4 34.
cxb4 Kh7 35. b5 Rd8 36. Kg1 Ra8 37. Rec1 Ra5 38. Rc6 Rxc6 39. bxc6 Ra4 40. Nc4
Ra2 41. b3 Kg7 42. Nd6 Kf6 43. Nb5 Ke6 44. Nc3 Nxc3 45. Rxc3 Kd5 46. Rc4 Ra1+
47. Kg2 Ra3 48. Rb4 Kxc6 49. Kf1 Kd6 50. Ke2 Ra5 51. Ke3 Ke6 52. Rc4 c5 53.
dxc5 bxc5 54. Kf4 Kf6 55. b4 cxb4 56. Rxb4 Ra2 57. Rb6+ Kg7 58. Kxf5 Rxf2+ 59.
Kg5 Rf3 60. Kxh5 Rxg3 61. Re6 e3 62. Kg5 Rg2 63. Rxe3 g3 1/2-1/2